A Man of God with Great Vision/ (Record no. 7658)
[ view plain ]
| 000 -LEADER | |
|---|---|
| fixed length control field | 00433nam a22001697a 4500 |
| 003 - CONTROL NUMBER IDENTIFIER | |
| control field | OSt |
| 005 - DATE AND TIME OF LATEST TRANSACTION | |
| control field | 20190319183502.0 |
| 008 - FIXED-LENGTH DATA ELEMENTS--GENERAL INFORMATION | |
| fixed length control field | 190214b ||||| |||| 00| 0 eng d |
| 040 ## - CATALOGING SOURCE | |
| Transcribing agency | DLC |
| 082 ## - DEWEY DECIMAL CLASSIFICATION NUMBER | |
| Classification number | 266 |
| Item number | T486M |
| 100 ## - MAIN ENTRY--PERSONAL NAME | |
| Personal name | Pillai, Paul |
| 245 ## - TITLE STATEMENT | |
| Title | A Man of God with Great Vision/ |
| Statement of responsibility, etc. | translated By: Krishnankutty |
| 250 ## - EDITION STATEMENT | |
| Edition statement | ind. ed. |
| 260 ## - PUBLICATION, DISTRIBUTION, ETC. | |
| Place of publication, distribution, etc. | Delhi |
| Name of publisher, distributor, etc. | Fazl Publishers |
| Date of publication, distribution, etc. | c. 2004 |
| 300 ## - PHYSICAL DESCRIPTION | |
| Extent | 224 p.; |
| Dimensions | 22 cm |
| 942 ## - ADDED ENTRY ELEMENTS (KOHA) | |
| Source of classification or shelving scheme | Dewey Decimal Classification |
| Koha item type | Books |
| Withdrawn status | Lost status | Source of classification or shelving scheme | Damaged status | Not for loan | Collection code | Home library | Current library | Shelving location | Date acquired | Cost, normal purchase price | Total Checkouts | Full call number | Barcode | Date last seen | Price effective from | Koha item type |
|---|---|---|---|---|---|---|---|---|---|---|---|---|---|---|---|---|
| Dewey Decimal Classification | Non-fiction | Harvest Mission College | Harvest Mission College | General Stacks | 14.02.2019 | 250.00 | 266 T486M | 008719 | 14.02.2019 | 14.02.2019 | Books | |||||
| Dewey Decimal Classification | Non-fiction | Harvest Mission College | Harvest Mission College | General Stacks | 14.02.2019 | 250.00 | 266 T486M | 008832 | 18.02.2019 | 14.02.2019 | Books |
